| 000 | 00881cam a22002533a 4500 | ||
|---|---|---|---|
| 001 | 18517 | ||
| 003 | PGUSA | ||
| 005 | 20140828083408.0 | ||
| 008 | 060606s2006||||xxu|||||s|||||000 | eng d | ||
| 040 |
_aPGUSA _beng |
||
| 042 | _adc | ||
| 050 | 4 | _aPR | |
| 100 | 1 |
_aPordage, Samuel, _d1633- |
|
| 245 | 1 | 0 |
_aAnti-Achitophel (1682) : _bThree Verse Replies to Absalom and Achitophel by John Dryden _h[electronic resource] / _cSamuel Pordage |
| 260 |
_bProject Gutenberg, _c2006 |
||
| 505 | 0 | _aAbsalom Senior by Elkanah Settle -- Poetical Reflections by Anonymous -- Azaria and Hushai by Samuel Pordage | |
| 506 | _aPublic domain in the USA. | ||
| 516 | _aElectronic text | ||
| 653 | _aDryden, John, 1631-1700. Absalom and Achitophel | ||
| 700 | 1 | _aJones, Harold Whitmore | |
| 830 | 0 |
_aProject Gutenberg _v18517 |
|
| 856 | 4 | 0 | _uhttp://www.gutenberg.org/ebooks/18517 |
| 942 | _cEB | ||
| 999 |
_c247772 _d247772 |
||